| 000 | 00538nam a2200181Ia 4500 | ||
|---|---|---|---|
| 003 | OSt | ||
| 005 | 20200515123538.0 | ||
| 008 | 190216s9999||||xx |||||||||||||| ||und|| | ||
| 040 | _coclc | ||
| 082 |
_a909.097671 _bALI/S |
||
| 100 |
_aAli, K _92351 |
||
| 245 | 2 |
_aA Study Of Islamic History / _cK Ali |
|
| 250 | _a1st Ed. | ||
| 260 |
_bIdarah-1 Adabiyat-1, _c1950. _aNew Delhi: |
||
| 300 | _a369p | ||
| 650 | 0 |
_aHistory & geography _92271 _vIslamic History |
|
| 942 |
_cBK _2ddc _h909.097671 _iALI/S _k909.097671 _mALI/S |
||
| 999 |
_c22358 _d22358 |
||